Yellow Alkaline Noodles Processing Technology and Quality Improvement /

This Brief will provide an overview of various types of noodles with special emphasis on yellow alkaline noodles. It includes detailed discussions about yellow alkaline noodles including their ingredients, processing technology, the factors affecting their nutritional value and quality. Recent devel...

Full description

Bibliographic Details
Main Authors: Karim, Roselina (Author), Sultan, Muhammad Tauseef (Author)
Corporate Author: SpringerLink (Online service)
Format: Electronic eBook
Language:English
Published: Cham : Springer International Publishing : Imprint: Springer, 2015.
Series:SpringerBriefs in Food, Health, and Nutrition,
Subjects:
Online Access:Full Text via HEAL-Link
LEADER 02785nam a22004815i 4500
001 978-3-319-12865-8
003 DE-He213
005 20151030101522.0
007 cr nn 008mamaa
008 141122s2015 gw | s |||| 0|eng d
020 |a 9783319128658  |9 978-3-319-12865-8 
024 7 |a 10.1007/978-3-319-12865-8  |2 doi 
040 |d GrThAP 
050 4 |a TP248.65.F66 
072 7 |a TDCT  |2 bicssc 
072 7 |a TEC012000  |2 bisacsh 
082 0 4 |a 641.3  |2 23 
082 0 4 |a 664  |2 23 
100 1 |a Karim, Roselina.  |e author. 
245 1 0 |a Yellow Alkaline Noodles  |h [electronic resource] :  |b Processing Technology and Quality Improvement /  |c by Roselina Karim, Muhammad Tauseef Sultan. 
264 1 |a Cham :  |b Springer International Publishing :  |b Imprint: Springer,  |c 2015. 
300 |a VII, 41 p.  |b online resource. 
336 |a text  |b txt  |2 rdacontent 
337 |a computer  |b c  |2 rdamedia 
338 |a online resource  |b cr  |2 rdacarrier 
347 |a text file  |b PDF  |2 rda 
490 1 |a SpringerBriefs in Food, Health, and Nutrition,  |x 2197-571X 
505 0 |a 1. Background and Introduction -- 2. Types of Noodles: Production Statistics -- 3. Yellow Alkaline Noodles: An Introduction -- 4. Raw Materials and Their Quality -- 5. Processing Technology -- 6. Factors Affecting the Quality of Yellow Alkaline Noodles -- 7. Improving Quality and Nutritional Value -- 8. Modern Trends and Innovation. 
520 |a This Brief will provide an overview of various types of noodles with special emphasis on yellow alkaline noodles. It includes detailed discussions about yellow alkaline noodles including their ingredients, processing technology, the factors affecting their nutritional value and quality. Recent developments and potential ways of improving ingredient quality and enhancing their shelf life are the hallmark of this Springer brief. Noodles are one of the oldest forms of processed foods and they comprise an important part of the diet of various Asian countries, and are popular world-wide. Yellow alkaline noodles specifically are the preferred noodle of Southeast Asia (e.g., China, Indonesia, Malaysia, and Thailand, Japan and Korea) and accounts for ~30% wheat flour consumption in some countries. 
650 0 |a Chemistry. 
650 0 |a Food  |x Biotechnology. 
650 0 |a Nutrition. 
650 1 4 |a Chemistry. 
650 2 4 |a Food Science. 
650 2 4 |a Nutrition. 
700 1 |a Sultan, Muhammad Tauseef.  |e author. 
710 2 |a SpringerLink (Online service) 
773 0 |t Springer eBooks 
776 0 8 |i Printed edition:  |z 9783319128641 
830 0 |a SpringerBriefs in Food, Health, and Nutrition,  |x 2197-571X 
856 4 0 |u http://dx.doi.org/10.1007/978-3-319-12865-8  |z Full Text via HEAL-Link 
912 |a ZDB-2-CMS 
950 |a Chemistry and Materials Science (Springer-11644)